000 00639nam a2200253Ia 4500
008 181129s9999 xx 000 0 und d
020 _a9780590032490
050 _bD131 1997
100 _aDahl, Roald
245 4 _aThe witches /
245 0 _cby Roald Dahl ; illustrated by Quentin Blake.
260 _aNew York, NY :
260 _bScholastic,
260 _c1997
300 _a206 pages :
300 _billustrations ;
300 _c19cm.
650 _aChildren's stories, English.
650 _aGrandmothers.
650 _aParanormal fiction.
650 _aWitches.
700 _aBlake, Quentin.
700 _aTitle.
999 _c360296
_d360296